|
|
|
|
| LEADER |
00749nam a22002297a 4500 |
| 001 |
AAL7829 |
| 003 |
BD-DhAAL |
| 005 |
20160327113831.0 |
| 008 |
160327m19621961enk||||| |||| 00| 0 eng d |
| 020 |
|
|
|a 0451137590
|
| 040 |
|
|
|a BD-DhAAL
|c BD-DhAAL
|
| 082 |
|
|
|a 813/.6
|
| 100 |
|
|
|a Wallace, Irving
|9 18811
|
| 245 |
|
|
|a The prize /
|c Irving Wallace
|
| 260 |
|
|
|a New York :
|b A Signet Book,
|c 1962.
|
| 300 |
|
|
|a 704 p. ;
|c 18 cm.
|
| 541 |
|
|
|e 7829
|
| 650 |
|
|
|a Nobel Prize
|v Fiction.
|9 18812
|
| 852 |
|
|
|a Savar Campus Library
|c General Shelf
|
| 942 |
|
|
|2 ddc
|c BK
|
| 999 |
|
|
|c 37231
|d 37231
|
| 952 |
|
|
|0 0
|1 0
|2 ddc
|4 0
|6 813_000000000000000__6_WAL
|7 0
|9 58523
|a SCL
|b SCL
|c GEN
|d 2016-03-27
|e Gift:
|l 3
|m 4
|o 813.6 WAL
|p 3020007829
|r 2017-07-04
|s 2017-05-19
|t 1
|w 2016-03-27
|y BK
|